| 000 | 00685nam a2200193 4500 | ||
|---|---|---|---|
| 001 | 148426 | ||
| 003 | ES-MaACL | ||
| 007 | t| | ||
| 008 | 070214s1931 sp r ||||1| spa d | ||
| 100 | 1 |
_aStrauss, Otto. _9108403 |
|
| 245 | 1 | 0 |
_aCompendio de técnica radiológica, radiodiagnóstico y radioterapia / _cpor los doctores Otto Strauss y Otto Müller ; traducido del alemán por los doctores J. Cabrera y J. Gay. |
| 250 | _a1ª ed. | ||
| 260 |
_aMadrid : _bEspasa-Calpe, _c1931. |
||
| 300 |
_aVIII, 451 p. : _bil. ; _c25 cm. |
||
| 700 | 1 |
_aMüller, Otto. _984138 |
|
| 700 | 1 |
_aCabrera y Felipe, Juan. _933321 |
|
| 700 | 1 |
_aGay, Joaquín. _956104 |
|
| 852 |
_aES-MaACL _jE-800 _bR.20772 |
||
| 999 |
_c148426 _d148426 |
||